000 01070nam a22003015i 4500
001 173737
003 ES-MaACL
005 20230906215329.0
008 100114s2009 sp |||| | spa d
020 _a978-84-9899-102-4
080 _a77"19"
245 0 3 _aLos años 60 /
_cHenri Cartier-Bresson, Elliott Erwitt, Bruno Barbey, Marc Riboud, Josef Koudelka ; [redacción, Vicente Ponce, Joan Soriano].
260 _a[Madrid] :
_bPúblico,
_c2009.
300 _a[32] p. :
_bprincipalmente fot. ;
_c27 cm.
490 1 _aMaestros de la fotografía ;
_v3
650 4 _aHistoria contemporánea-
_yS.XX-
_vObras ilustradas.
_913399
650 4 _aFotografía-
_yS.XX.
_9155849
700 1 _aCartier-Bresson, Henri.
_935901
700 1 _aErwitt, Elliott.
_9141935
700 1 _aBarbey, Bruno.
_9141936
700 1 _aRiboud, Marc.
_996843
700 1 _aKoudelka, Josef.
_9141937
700 1 _aPonce, Vicente.
_9173428
700 1 _aSoriano, Joan.
_9173429
830 1 _aMaestros de la fotografía ;
_v3
_9189242
852 _aES-MaACL
_j2284-F-3
999 _c173737
_d173737